Polish Car Driving - miasta i wsie - Statystyki

Ogólne statystyki
  • Ten quiz został rozwiązany 63 razy
  • Średni wynik to 14 z 19
Statystyki odpowiedzi
Podpowiedź Miasto/Wieś % Poprawnych
Drugi spawn Darłowo
100%
Najważniejsze Sławno
98%
Parking podziemny Malechowo
96%
Bar pod Dzikiem Bobrowice
88%
Małe, obok poprzedniego Bobrowiczki
85%
Nie ma wsi, jest Zajazd Skalny Karwice
85%
Ulenberg Malechówko
83%
Dar-Fisch Rusko
81%
Inaczej Kaczyński Stary Jarosław
79%
Duże rondo w lesie Grzybno
75%
Za poprzednim w kierunku 2 Słowino
75%
Leonardia Krupy
73%
Przejazd kolejowy z fotoradarem Sęczkowo
69%
Wyjazd na DK37 na egzaminie na prawo jazdy Domasławice
65%
W środku lasu Pątnowo
63%
Jest tam tylko jeden dom Darłowiec
58%
Poza obrębem DK37, DK6 i DW205 Smardzewo
58%
Nie ma wsi, jest fotoradar i przystanek Rzyszczewo
50%
Większość osób nie ma pojęcia o istnieniu tej wsi jednak istnieje droga przechodząca przez nią Karwiczki
10%
Nie znaleziono quizów pasujących do podanych kryteriów
Rozkład punktacji
Procent ludzi z każdym wynikiem
Percentyl według liczby udzielonych odpowiedzi
Twoja historia wyników
Nie rozwiązałeś tego quizu